8051 microcontroller and embedded systems using assembly and C (Record no. 212515)

MARC details
000 -LEADER
fixed length control field 00583nam a2200193Ia 4500
008 - FIXED-LENGTH DATA ELEMENTS--GENERAL INFORMATION
fixed length control field 231221s9999 xx 000 0 und d
020 ## - INTERNATIONAL STANDARD BOOK NUMBER
International Standard Book Number 9790000000000
041 ## - LANGUAGE CODE
Language code of text/sound track or separate title English
082 ## - DEWEY DECIMAL CLASSIFICATION NUMBER
Classification number 621.3981 AYA;1
100 ## - MAIN ENTRY--PERSONAL NAME
Personal name Ayala, Kenneth J. Gadre, Dhananjay. Chugh, Anurag
245 #0 - TITLE STATEMENT
Title 8051 microcontroller and embedded systems using assembly and C
260 ## - PUBLICATION, DISTRIBUTION, ETC.
Date of publication, distribution, etc. 2010
Name of publisher, distributor, etc. Cengage Learning
Place of publication, distribution, etc. New Delhi
300 ## - PHYSICAL DESCRIPTION
Extent xxii,517
300 ## - PHYSICAL DESCRIPTION
Dimensions 77241
500 ## - GENERAL NOTE
General note Content pages available.
500 ## - GENERAL NOTE
General note SC-ST(1851)
650 ## - SUBJECT ADDED ENTRY--TOPICAL TERM
Topical term or geographic name entry element 8051,microcontroller,embedded,using,C
942 ## - ADDED ENTRY ELEMENTS (KOHA)
Koha item type Compact Disks
Holdings
Date last seen Total checkouts Full call number Accession number Uniform resource identifier Price effective from Category Lost status Damaged status Department Withdrawn status Home library Current library Shelving location Entry date Vendor Grants Billnumber Billdate Currency symbol Conversion rate Discount Old discount
26/01/2024   621.3981 AYA;1 CD5527 digital/contents/58693.pdf 26/01/2024 Compact Disks     Central Library   Central Library Central Library SC-ST   Sapna Book House SC-ST SBH/CRB/069808 17/11/2015 RS 1    
26/01/2024   621.3981 AYA;2 CD5528 digital/contents/58693.pdf 26/01/2024 Compact Disks     Central Library   Central Library Central Library SC-ST   Sapna Book House SC-ST SBH/CRB/069808 17/11/2015 RS 1    

© For any Suggestions or Query, please contact the library staff @ librarian@pes.edu or Phone: +9180 2672 1983/ 2108.